000 00672nam a2200241Ia 4500
003 OSt
005 20220924122504.0
006 a|||||r|||| 00| 0
007 ta
008 220923b |||||||| |||| 00| 0 per d
024 _a345322
037 _cTextual
040 _aARTS
_cARTS
_bper
041 _2per
_aper
082 _aO165,1K2x, C0
100 _aBiddulph C.E Ed.
_9189652
245 0 _aAfghan poetry of the seventeenth century
260 _aLondon
_bKegan paul trench U.k
_c1890
300 _a120+74p.
_ccm.
650 _aAFGHANI POETRY
_9189653
942 _hO165,1K2x, C0
_cTEXL
_2CC
999 _c411824
_d411824